Score 0/26 Timer 03:00
0 Plays Today
Clue 5-letter Word % Correct
Popeye's girlOLIVE
94.2%
1987 Heart hitALONE
91.1%
Hand coverGLOVE
90.3%
Fruit from a vineGRAPE
89.9%
Genetic copyCLONE
89.2%
Possessing lifeALIVE
88.4%
Garlic bulbCLOVE
88.3%
Small orchardGROVE
85.5%
Tough outer part of breadCRUST
83%
Skirt typeA-LINE
82.5%
Dress loosely with clothDRAPE
82.3%
Search around blindlyGROPE
82.3%
Remove hair with a razorSHAVE
79.3%
Clue 5-letter Word % Correct
Divide objects equallySHARE
71%
Toothpaste brandCREST
68.5%
London landmarkSHARD
66.6%
Burns or blackens the surfaceCHARS
58.4%
Mediterranean leafy green vegetableCHARD
58.2%
Earthenware potCRUSE
42.4%
Pungent cabbage relativeCRESS
41.9%
Lacking intelligence or sensitivityCRASS
38.9%
Bulbous herb whose greens are used for seasoningCHIVE
34.7%
A sliver or fragmentSHIVE
33.9%
Traditional Gujarati milky beverageCHASS
32.4%
Peach or plum, perhapsDRUPE
26.8%
Crust of crystals lining a rock cavityDRUSE
24%

Today's Daily Dose

Quick Pick
Colorful Movies

Get the Picture
Dog Breeds II

Remove Ads.
Support Sporcle.
Get the best of Sporcle when you Go Orange. This ad-free experience offers more features, more stats, and more fun while also helping to support Sporcle. Thank you for becoming a member.

You're not logged in!

Compare scores with friends on all Sporcle quizzes.
OR
Log In

Show Comments

Extras

Top Quizzes Today


Score Distribution

Your Account Isn't Verified!

In order to create a playlist on Sporcle, you need to verify the email address you used during registration. Go to your Sporcle Settings to finish the process.

Report this User

Report this user for behavior that violates our Community Guidelines.

Details: